000 01245nas a2200277 454500
001 27619
005 20260407193507.0
008 260407s2014####ag###########|||spa#d
003 AR-UNSa-BCEJYS
040 _aAR-UNSa-BCEJYS
_bspa
_cAR-UNSa-BCEJYS
080 _a349.2
_xDerecho del Trabajo
245 1 0 _aTemas de derecho laboral
264 1 _aBuenos Aires :
_bErreius
_c2014
310 _aFrecuencia: Mensual A partir del número correspondiente al mes de Febrero de 2024, cambia de periodicidad en forma bimestral Cambia de Director a partir del mes de Septiembre de 2017, por Carlos A. Toselli y Néstor A. Fasciolo Cambia de Título a partir del mes de Octubre de 2017 por "Temas de Derecho Laboral y de la Seguridad Social" Cambia de Director a partir del mes de Junio de 2019, por Carlos A. Toselli y Patricio J. Torti Cerquetti
041 _aspa
942 _cSER
590 _aniveau_biblio:s niveau_hierar:1
100 1 _aGarcía Vior, Andrea E.
650 _aSeguridad social
650 _aDerecho del trabajo
650 _aDerecho laboral
650 _aLegislación
650 _aJURISPRUDENCIA
650 _aDOCTRINA
856 4 1 _uhttps://biblioeco.unsa.edu.ar/pmb/images/revistas/R10500.jpg
_yImagen de portada
_qimage/jpeg
999 _c8622
_d8622